Acerca de la docta ignorancia. Libro I: lo máximo absoluto

Đã lưu trong:
Chi tiết về thư mục
Tác giả chính: Cusa, Nicolás de (Tác giả)
Định dạng: Sách
Ngôn ngữ:Tiếng Tây Ban Nha
Được phát hành: Buenos Aires Biblos 2003
Phiên bản:1a. ed
Loạt:Colección Presencias Medievales. Serie Textos
Những chủ đề:
Các nhãn: Thêm thẻ
Không có thẻ, Là người đầu tiên thẻ bản ghi này!

MARC

LEADER 00000nam a2200000 a 4500
001 UCL7639
003 CL-VaPUC
008 040528e20030000AG |||||||||||||||||spa|d
020 |a 9507863761 
082 0 4 |a 186  |b CUS  |2 21 
100 |a Cusa, Nicolás de  |e author  |9 265876 
245 1 0 |a Acerca de la docta ignorancia. Libro I: lo máximo absoluto 
250 |a 1a. ed 
300 |a 182 p 
942 |c BK 
945 |d 20040528 00:00:00  |a cmena 
260 |a Buenos Aires  |b Biblos  |c 2003 
650 0 |a Filosofía medieval  |9 256245 
650 0 |a Teoría del conocimiento   |9 255038 
650 0 |a Teoría del conocimiento   |9 255038 
583 |a last modification  |c 20040528 00:00:00  |k Rodrigo Vera 
490 0 |a Colección Presencias Medievales. Serie Textos 
999 |c 309271  |d 309269 
952 |0 0  |1 0  |4 0  |6 186_000000000000000_CUS_2003  |7 0  |8 A  |9 376666  |a BIBEDU  |b BIBEDU  |d 2019-11-21  |i 4020103  |o 186 CUS 2003  |p 4020103  |r 2019-11-21  |w 2019-11-21  |y BK  |k FIL